|
|
|
|
| LEADER |
01436nam a22003734a 4500 |
| 001 |
EBC351145 |
| 003 |
MiAaPQ |
| 005 |
20200520144314.0 |
| 006 |
m o d | |
| 007 |
cr cn||||||||| |
| 008 |
030717s2004 enka sb 001 0 eng |
| 020 |
|
|
|z 1405101687 (softcover : alk. paper)
|
| 035 |
|
|
|a (MiAaPQ)EBC351145
|
| 035 |
|
|
|a (Au-PeEL)EBL351145
|
| 035 |
|
|
|a (CaPaEBR)ebr10240459
|
| 035 |
|
|
|a (CaONFJC)MIL131207
|
| 035 |
|
|
|a (OCoLC)437218441
|
| 040 |
|
|
|a MiAaPQ
|c MiAaPQ
|d MiAaPQ
|
| 043 |
|
|
|a e-uk---
|
| 050 |
|
4 |
|a HD9011.5
|b .F66 2004
|
| 082 |
0 |
4 |
|a 381/.45664/00941
|2 22
|
| 245 |
0 |
0 |
|a Food supply chain management
|h [electronic resource] /
|c edited by Michael A. Bourlakis and Paul W.H. Weightman.
|
| 260 |
|
|
|a Oxford, UK ;
|a Ames, Iowa USA :
|b Blackwell Pub.,
|c 2004.
|
| 300 |
|
|
|a xix, 236 p. :
|b ill.
|
| 504 |
|
|
|a Includes bibliographical references and index.
|
| 533 |
|
|
|a Electronic reproduction. Ann Arbor, MI : ProQuest, 2015. Available via World Wide Web. Access may be limited to ProQuest affiliated libraries.
|
| 650 |
|
0 |
|a Farm produce
|z Great Britain
|x Marketing.
|
| 650 |
|
0 |
|a Food industry and trade
|z Great Britain.
|
| 650 |
|
0 |
|a Marketing channels
|z Great Britain.
|
| 655 |
|
4 |
|a Electronic books.
|
| 700 |
1 |
|
|a Bourlakis, Michael A.
|
| 700 |
1 |
|
|a Weightman, Paul W. H.
|
| 710 |
2 |
|
|a ProQuest (Firm)
|
| 856 |
4 |
0 |
|u https://ebookcentral.proquest.com/lib/matrademy/detail.action?docID=351145
|z Click to View
|